000 01560nam a2200337 i 4500
003 DO-SdBNP
005 20250630100925.0
006 a||||gr|||| 00| 0
007 ta
008 240719e2011 dr ||||| |||| 00| e spa d
020 _a9789945469790
040 _aDO-SdBNP
_bspa
_cBNPHU
_erda
041 _aspa
082 4 _a972.93053
_bF825t
_222
100 1 _aFranco Ornes, Pericles,
_954949
_d1921
_eautor
_4aut.
245 1 3 _aLa tragedia dominicana ;
_b(análisis de la tiranía de Trujillo) /
_cPericles Franco Ornes ; edición de León Félix Batista.
264 _aSanto Domingo :
_bEditorial Nacional,
_c2011
300 _a157 páginas ;
_c23 cm.
336 _atexto
_btxt
_2rdacontent
337 _asin mediación
_2rdamedia
_bn
338 _avolumen
_bnc
_2rdacarrier
490 0 _a30 de Mayo : Puerta a la Libertad.
500 _aIncluye datos biográficos del autor en la solapa de la cubierta.
505 _aPresentación.-- Las pequeñas hermanas olvidadas. (prólogo de Pablo Neruda).-- ¡Luchemos por la liberación de nustros pueblos tiranizados!-- Noticia general sobre la República Dominicana.--
_tPanorama Político Dominicano.--
_tOrígenes de la Era Tenebrosa.--
_tLa lucha del pueblo dominicano por su libertad.
590 _aInventariado 2024 / MF
650 4 _aDictadura de Trujillo
_985510
_zRepública Dominicana
651 0 _aRepública Dominicana
_xHistoria
_yEra de Trujillo, 1930-1961
_978796
700 1 _aBatista, León Félix,
_d1964-
_912031
_eeditor
_4ed.
910 _aValidado. Control de Calidad/MAA
942 _2ddc
_cLBS1
999 _c57324
_d57324